Cashew nut production of household in Prek prasap Distrarict, Kratie province; ផលិតកម្មស្វាយចន្ទីជាលក្ខណៈគ្រួសារនៅស្រុកព្រែកប្រសព្វ ខេត្តក្រចេះ (Record no. 10665)

000 -LEADER
fixed length control field 00570nam a22001337a 4500
040 ## - CATALOGING SOURCE
Transcribing agency RUA
082 ## - DEWEY DECIMAL CLASSIFICATION NUMBER
Classification number AGR KHO 2015 B521 Or.
100 ## - MAIN ENTRY--AUTHOR NAME
Personal name KHON YAN; ខុន យ៉ាន
245 ## - TITLE STATEMENT
Title Cashew nut production of household in Prek prasap Distrarict, Kratie province; ផលិតកម្មស្វាយចន្ទីជាលក្ខណៈគ្រួសារនៅស្រុកព្រែកប្រសព្វ ខេត្តក្រចេះ
260 ## - PUBLICATION, DISTRIBUTION, ETC. (IMPRINT)
Place of publication Phnom Penh
Name of publisher RUA
Year of publication 2015
300 ## - PHYSICAL DESCRIPTION
Number of Pages xii; 46p;
Other physical details ill;
Dimensions 29cm;
856 ## - ELECTRONIC LOCATION AND ACCESS
Uniform Resource Identifier KHON YAN
942 ## - ADDED ENTRY ELEMENTS (KOHA)
Koha item type AGR
952 ## - LOCATION AND ITEM INFORMATION (KOHA)
Withdrawn status [LOCAL, KOHA] 0
952 ## - LOCATION AND ITEM INFORMATION (KOHA)
Withdrawn status [LOCAL, KOHA] 0
952 ## - LOCATION AND ITEM INFORMATION (KOHA)
Withdrawn status [LOCAL, KOHA] 0
952 ## - LOCATION AND ITEM INFORMATION (KOHA)
Withdrawn status [LOCAL, KOHA] 0
952 ## - LOCATION AND ITEM INFORMATION (KOHA)
Withdrawn status [LOCAL, KOHA] 0
952 ## - LOCATION AND ITEM INFORMATION (KOHA)
Withdrawn status [LOCAL, KOHA] 0
952 ## - LOCATION AND ITEM INFORMATION (KOHA)
Withdrawn status [LOCAL, KOHA] 0
952 ## - LOCATION AND ITEM INFORMATION (KOHA)
Withdrawn status [LOCAL, KOHA] 0
952 ## - LOCATION AND ITEM INFORMATION (KOHA)
Withdrawn status [LOCAL, KOHA] 0
952 ## - LOCATION AND ITEM INFORMATION (KOHA)
Withdrawn status [LOCAL, KOHA] 0
Holdings
Permanent Location Date acquired Koha item type Lost status Shelving location Barcode Current Location Full call number
Library Block B2016-11-01AGR B521A02771Library Block BAGR KHO 2015 B521 Or.1
Library Block B2016-11-01AGR B521A02201Library Block BAGR KHO 2015 B521 Or.2
Library Block B2016-11-01AGR B521RUA061775Library Block BAGR KHO 2015 B521 Or.3
Library Block B2016-11-01AGR B521RUA061527Library Block BAGR KHO 2015 B521 Or.4
Library Block B2016-11-01AGR B521A01883Library Block BAGR KHO 2015 B521 Or.5
Library Block B2016-11-01AGR B521A02119Library Block BAGR KHO 2015 B521 Or.6
Library Block B2016-11-01AGR B521A02171Library Block BAGR KHO 2015 B521 Or.7
Library Block B2016-11-01AGR B521A01005Library Block BAGR KHO 2015 B521 Or.8
Library Block B2021-10-01AGR B691A067021Library Block BAGR KHO 2015 B691 Or.
Library Block B2021-10-01AGR B691A066961Library Block BAGR KHO 2015 B691 Or.
មជ្ឈមណ្ឌលឯការនៃសាកលវិទ្យាល័យភូមិន្ទកសិកម្មចំការដូង

Powered by Koha